MDQL
is popping MORE tags! Check the
thread
!
Quizzes
Events
Quiz Creation
Community
Videos
Private Events
Remove Ads
Sign In
Join for FREE
Feedback
Dark Mode
Quiz Categories
Sports
Geography
Music
Movies
Television
Just For Fun
Miscellaneous
History
Literature
Language
Science
Gaming
Entertainment
Religion
Holiday
For Kids
Quiz Lab
Recent
Popular Today
Quiz Kudos Today
Editor Picks
Curator Picks
Quizzes by...
Day
Popularity
Type
Ratings
Length
Year
Community
Subscriptions
Recent Discussions
Orange Saloon
Badges
Playlists
Quests
Create
Leaderboards
Showdown
Live 5
Trivia Bingo
Activity
Puzzle Library
Sporcle Events
Private Events
Virtual Trivia
Globe League
Become a Host
Pub Owners
SporcleCon
Opinionation
Our Games
Videos
Blog
Mobile Apps
Partnerships
Remove Ads and Go Orange
Feedback
Sports
Athletes
MLB
NBA
NHL
NFL
Soccer
Sports Teams
WWE
NCAA
Football
Premier League
Basketball
Baseball
Hockey
Golf
Tennis
Cricket
Rugby
Auto Racing
Olympics
World Cup
Sports
Athletes
MLB
NBA
NHL
NFL
Soccer
Sports Teams
WWE
NCAA
Football
Premier League
Basketball
Baseball
Hockey
Golf
Tennis
Cricket
Rugby
Auto Racing
Olympics
World Cup
Random Quiz
Search Sporcle
×
Quiz Lab
Quiz Lab
Sports
Athletes
Type in answers that appear in a list
Type in answers that appear in a list
Classic
Best Score? Go Orange.
MLB Career Leaders Stats
Can you name the MLB Career Leaders?
By
keling
5m
30 Questions
178 Plays
178 Plays
178 Plays
Comments
Comments
Give Quiz Kudos
Give Quiz Kudos
-
- Ratings
hide this ad
Forced Order
Answers have to be entered in order
Answers have to be entered in order
Replay
Link that replays current quiz
Next Quiz
Link to next quiz in quiz playlist
You Got
0%
They Got
Avg Score
53%
Avg Friend Score
Upgrade to see
Score Distribution
Jump to the score distribution portion of the page
Score
0/30
Timer
05:00
0
Plays Today
Category
Player
% Correct
Home Runs
Barry Bonds
93.8%
Batting Average
Ty Cobb
91%
RBI's
Hank Aaron
82%
Hits
Pete Rose
79.8%
Stolen Bases
Rickey Henderson
74.7%
Wins
Cy Young
70.2%
Runs
Rickey Henderson
69.7%
Intentional Walks
Barry Bonds
69.7%
Losses
Cy Young
65.2%
Strikeouts (Pitching)
Nolan Ryan
65.2%
Total Bases
Hank Aaron
63.5%
Extra Base Hits
Hank Aaron
61.2%
Innings Pitched
Cy Young
59.6%
Walks
Nolan Ryan
59%
Games
Pete Rose
57.3%
Category
Player
% Correct
Starts
Cy Young
57.3%
Double
Tris Speaker
55.6%
Strikeouts (Batting)
Reggie Jackson
55.6%
Saves
Trevor Hoffman
55.6%
Complete Games
Cy Young
55.1%
On Base Percentage
Ted Williams
51.1%
Shutouts
Walter Johnson
48.3%
Triples
Sam Crawford
46.1%
Grounded Into Double Plays
Cal Ripken
31.5%
ERA
Ed Walsh
28.7%
Games
Jesse Orosco
24.7%
Hit By Pitch
Hughie Jennings
13.5%
Balks
Steve Carlton
5.6%
Wild Pitches
Tony Mullane
1.1%
Hit Batsmen
Gus Weyhing
0.6%
Quiz Playlist
Details
Report
Send in Message
Add To Playlist
Classic:
Type in answers that appear in a list
Forced Order:
Answers have to be entered in order
Quiz Source
Last Updated: Feb 16, 2017
Quiz Scoreboard
CHALLENGE
Sign Up to Join the Scoreboard
Show All
Scores
Hide
Comments
May contain spoilers
Recently Published
Find the 'City' Movie
by crazypaving
Movies
60s
5x2 Blitz: Bands
by SL_Kpop136
Music
30s
Colored Red Africa Blitz
by spor1
Geography
30s
More to Explore
Quiz From the Vault
Featured Blog Post
14 Easter Pick-up Lines to Find Eggs With
hide this ad
You Might Also Like...
Tags
Athletes Quiz
Baseball Quiz
MLB Quiz
All Time
Career
legend
Major League
Today's Top Quizzes in Sports
Browse Sports
hide this ad
Today's Top Quizzes in Athletes
Browse Athletes
Top Contributed Quizzes in Sports
1
Les entraîneurs de l'OM et du PSG au 21e siècle
2
Les meilleurs buteurs des matchs entre le PSG et l’OM
3
Players with Multiple 50 Home Run Seasons
4
2022 World Cup Stars
5
Les joueurs passés par le PSG et l'OM
6
NBA Logic Puzzle 2.0
7
Criteria MLB: Left Handed Sluggers
8
MLB Players with Two .350 Batting Average Seasons
9
Top 10 NHL Goal Scorers of All Time
10
Who Hit More Homers?
Explore More
Trending Topics
Disney
Kpop
Crossword
Anime
Marvel
NBA
Harry Potter
WWE
Soccer
NFL
The Office
Song
Pokémon
Country
Puzzle
hide this ad
More By:
keling
Quiz
Plays
Rating
Category
Featured
Created
Richest Athletes of 2010
664
4.50
Sports
Dec 9, 2010
Things That Are Green
227
1.67
Just For Fun
Dec 11, 2010
Popular Celebs on Twitter
196
5.00
Entertainment
Dec 1, 2010
MLB Career Leaders
178
1.93
Sports
Oct 28, 2010
Spongebob Goofy Goober Lyrics
168
5.00
Television
Dec 24, 2010
Go to Creator's Profile
Score Distribution
Quiz Creator Spotlight
keling
Follow
Send a Message
Quizzes Created
-
Created Quiz Play Count
-
More By This Creator
Popular Quizzes Today
1
Colored Red Africa Blitz
2
Find the 'City' Movie
3
Find the US States - No Outlines Minefield
4
5x2 Blitz: Bands
5
The Countries of the World
6
Find the US States
7
Find the Countries of Europe - No Outlines Minefield
8
US States
More Sports Quizzes
British University American Football Teams
Quiz Lab
Trending Quizzes
Colored Red Europe Blitz I
Colored Red Africa Blitz II
Colored Red Europe Blitz II
Colored Red Africa Blitz III
Colored Red Europe Blitz III
Recently Updated
How Do You Spell That?
pecheneg
Godzilla Movies
pecheneg
Grab Bag: 4-10 Letters
pecheneg
2024 March Madness Bracket
pecheneg
Famous TV Couples
Peacemaker
Champions League XIs: Real Madrid
pecheneg
Largest US Cities 1790-2010
pecheneg
Rides in Walt Disney World
pecheneg
Most Oscar Losses (Acting)
pecheneg
Beyoncé Albums
pecheneg
Trending Topics
Disney
Harry Potter
Crossword
Marvel
Kpop
Anime
NBA
The Office
Soccer
Pokémon
Song
WWE
Country
NFL
Puzzle
Your Account Isn't Verified!
In order to create a playlist on Sporcle, you need to verify the email address you used during registration. Go to your
Sporcle Settings
to finish the process.
Report this User
Report this user for behavior that violates our
Community Guidelines
.
Details:
Send Report
Go to the Sporcle.com Mobile Site →
Comments